000
00264nam a2200109Ia 4500
008
230907s9999||||xx |||||||||||||| ||und||
082
_a
570
_b
MAD
245
0
_a
Essentials of biology :
260
_a
McGraw-Hill,
_b
New York :
_c
2015
300
_a
310 p.
942
_c
BK
999
_c
601026
_d
601026